<?xml version="1.0" encoding="UTF-8"?>
<record
    xmlns:xsi="http://www.w3.org/2001/XMLSchema-instance"
    xsi:schemaLocation="http://www.loc.gov/MARC21/slim http://www.loc.gov/standards/marcxml/schema/MARC21slim.xsd"
    xmlns="http://www.loc.gov/MARC21/slim">

  <leader>03102nam a2200553Ia 4500</leader>
  <controlfield tag="001">2908</controlfield>
  <controlfield tag="008">241029s9999    xx            000 0 und d</controlfield>
  <datafield tag="010" ind1=" " ind2=" ">
    <subfield code="a">2736</subfield>
  </datafield>
  <datafield tag="041" ind1=" " ind2=" ">
    <subfield code="a">Espa&#xF1;ol</subfield>
  </datafield>
  <datafield tag="082" ind1=" " ind2=" ">
    <subfield code="a">CURSA &#xE2;&#x20AC;" T- EDUC 000424</subfield>
  </datafield>
  <datafield tag="245" ind1=" " ind2="0">
    <subfield code="a">Participaci&#xF3;n de los Maestros de Comunicaci&#xF3;n Social de la Universidad Aut&#xF3;noma de Santo Domingo(UASD) en el Proyecto de Investigaci&#xF3;n, Acreditaci&#xF3;n y Publicaciones Centro Universitario Regional de Santiago(CURSA) Rep.Dom., Periodo 2004-2007</subfield>
  </datafield>
  <datafield tag="260" ind1=" " ind2=" ">
    <subfield code="a">Santiago</subfield>
  </datafield>
  <datafield tag="300" ind1=" " ind2=" ">
    <subfield code="a">127</subfield>
  </datafield>
  <datafield tag="520" ind1=" " ind2=" ">
    <subfield code="a">5</subfield>
  </datafield>
  <datafield tag="630" ind1=" " ind2=" ">
    <subfield code="a">Comunicaci&#xF3;n</subfield>
  </datafield>
  <datafield tag="630" ind1=" " ind2=" ">
    <subfield code="a">Docentes</subfield>
  </datafield>
  <datafield tag="630" ind1=" " ind2=" ">
    <subfield code="a">Participaci&#xF3;n</subfield>
  </datafield>
  <datafield tag="650" ind1=" " ind2=" ">
    <subfield code="a">Investigaci&#xF3;n</subfield>
  </datafield>
  <datafield tag="690" ind1=" " ind2=" ">
    <subfield code="a">Sintetizado</subfield>
  </datafield>
  <datafield tag="700" ind1=" " ind2=" ">
    <subfield code="e">asesor</subfield>
    <subfield code="a"> Espinal, Juan Antonio</subfield>
  </datafield>
  <datafield tag="700" ind1=" " ind2=" ">
    <subfield code="e">autor</subfield>
    <subfield code="a">Ulloa Cruz, M&#xE1;ximo Manuel </subfield>
  </datafield>
  <datafield tag="700" ind1=" " ind2=" ">
    <subfield code="e">autor</subfield>
    <subfield code="a">Parra Cruz, F&#xE9;lix Ysmael </subfield>
  </datafield>
  <datafield tag="901" ind1=" " ind2=" ">
    <subfield code="a">{"1":"Ulloa Cruz","2":"Parra Cruz"}</subfield>
    <subfield code="b">{"1":"M&#xE1;ximo Manuel ","2":"F&#xE9;lix Ysmael "}</subfield>
  </datafield>
  <datafield tag="902" ind1=" " ind2=" ">
    <subfield code="a">1</subfield>
  </datafield>
  <datafield tag="903" ind1=" " ind2=" ">
    <subfield code="a">{"1":" Espinal"}</subfield>
    <subfield code="b">{"1":"Juan Antonio"}</subfield>
  </datafield>
  <datafield tag="904" ind1=" " ind2=" ">
    <subfield code="a">Maestr&#xED;a en</subfield>
  </datafield>
  <datafield tag="905" ind1=" " ind2=" ">
    <subfield code="a">Ense&#xF1;anza Superior</subfield>
  </datafield>
  <datafield tag="906" ind1=" " ind2=" ">
    <subfield code="a">2</subfield>
  </datafield>
  <datafield tag="907" ind1=" " ind2=" ">
    <subfield code="a">NO APLICA</subfield>
  </datafield>
  <datafield tag="908" ind1=" " ind2=" ">
    <subfield code="a">NO APLICA</subfield>
  </datafield>
  <datafield tag="909" ind1=" " ind2=" ">
    <subfield code="a">Universidad Aut&#xF3;noma de Santo Domingo (UASD)</subfield>
  </datafield>
  <datafield tag="910" ind1=" " ind2=" ">
    <subfield code="a">NULL</subfield>
    <subfield code="b">NULL</subfield>
  </datafield>
  <datafield tag="911" ind1=" " ind2=" ">
    <subfield code="a">["1"]</subfield>
  </datafield>
  <datafield tag="912" ind1=" " ind2=" ">
    <subfield code="a">NO APLICA</subfield>
  </datafield>
  <datafield tag="913" ind1=" " ind2=" ">
    <subfield code="a">NULL</subfield>
  </datafield>
  <datafield tag="914" ind1=" " ind2=" ">
    <subfield code="a">04 de Agosto de 2008</subfield>
  </datafield>
  <datafield tag="915" ind1=" " ind2=" ">
    <subfield code="a">NULL</subfield>
  </datafield>
  <datafield tag="916" ind1=" " ind2=" ">
    <subfield code="a">NULL</subfield>
  </datafield>
  <datafield tag="917" ind1=" " ind2=" ">
    <subfield code="a">NULL</subfield>
  </datafield>
  <datafield tag="918" ind1=" " ind2=" ">
    <subfield code="a">NO APLICA</subfield>
  </datafield>
  <datafield tag="919" ind1=" " ind2=" ">
    <subfield code="a">["230","70","151"]</subfield>
  </datafield>
  <datafield tag="520" ind1=" " ind2=" ">
    <subfield code="a">La investigaci&#xF3;n se plante&#xF3; como objetivo general evaluar los niveles de participaci&#xF3;n de los docentes de comunicaci&#xF3;n social en proyectos de investigaci&#xF3;n acreditaci&#xF3;n y publicaci&#xF3;n en el Centro Universitario Regional de Santiago (CURSA) Rep. Dom, Periodo 2004 -2007.Para lograr ese prop&#xF3;sito se implement&#xF3; una investigaci&#xF3;n de tipo descriptiva con un enfoque cuantitativo, que hizo uso de las t&#xE9;cnicas de recolecci&#xF3;n de datos bibliogr&#xE1;ficos, an&#xE1;lisis de documentos, as&#xED; como la entrevista y el cuestionario.En relaci&#xF3;n a los resultados del nivel de participaci&#xF3;n, aunque los docentes estimen que es alto, la realidad es que se encontraron pocos que sustenten este hecho. No fue posible encontrar alg&#xFA;n texto publicado en el periodo 2004-2007.Se determin&#xF3; que el 100% de los encuestados est&#xE1; de acuerdo en que los proyectos de investigaci&#xF3;n, acreditaci&#xF3;n y publicaci&#xF3;n que se llevan acabo en el CURSA-UASD, revisten de importancia, lo que coincidi&#xF3; con las informaciones suministradas por el director del departamento de investigaci&#xF3;n, pero no pudo ser confirmado por ausencia de publicaciones.En conclusi&#xF3;n los maestros de comunicaci&#xF3;n social del Centro Universitario Regional de Santiago (CURSA) participan en proyectos de investigaci&#xF3;n, con el rol de asesores independientes, pero no est&#xE1;n contribuyendo de forma seria a la formaci&#xF3;n de nuevos conocimientos, llevado a cabo por ellos mismos, las publicaciones independientes, que puedan ser auspiciada por la Instituci&#xF3;n.</subfield>
  </datafield>
  <datafield tag="921" ind1=" " ind2=" ">
    <subfield code="a">11</subfield>
  </datafield>
  <datafield tag="922" ind1=" " ind2=" ">
    <subfield code="a">11</subfield>
  </datafield>
  <datafield tag="923" ind1=" " ind2=" ">
    <subfield code="a">0</subfield>
  </datafield>
  <datafield tag="924" ind1=" " ind2=" ">
    <subfield code="a">NO APLICA</subfield>
  </datafield>
  <datafield tag="942" ind1=" " ind2=" ">
    <subfield code="c">Tesis</subfield>
  </datafield>
  <datafield tag="999" ind1=" " ind2=" ">
    <subfield code="c">2736</subfield>
    <subfield code="d">2736</subfield>
  </datafield>
</record>
